Flagi państw i terytoriów zależnych - Statystyki

Ogólne statystyki
  • Ten quiz został rozwiązany 175 razy
    150 od ostatniego zresetowania
  • Średni wynik to 170 z 268
Statystyki odpowiedzi
Obrazkowy Hint Odpowiedź % Poprawnych
Tanzania
100%
Kanada
87%
Kolumbia
87%
Tunezja
87%
Chorwacja
86%
Burundi
84%
Gwinea
84%
Rwanda
84%
Watykan
84%
Islandia
83%
Salwador
83%
Zjednoczone Emiraty Arabskie
83%
Afganistan
81%
Wyspy Cooka
81%
Turkmenistan
79%
Bahrajn
78%
Benin
78%
Indonezja
78%
Irak
78%
Nigeria
78%
Wietnam
78%
Chile
76%
Honduras
76%
Indie
76%
Komory
76%
Meksyk
76%
Somalia
76%
Sudan Południowy
76%
Togo
76%
Turcja
76%
Zambia
76%
Angola
75%
Argentyna
75%
Azerbejdżan
75%
Białoruś
75%
Botswana
75%
Filipiny
75%
Francja
75%
Grenada
75%
Kosowo
75%
Malezja
75%
Mali
75%
Niemcy
75%
Saint Kitts i Nevis
75%
Słowacja
75%
Szkocja
75%
Walia
75%
Holandia
73%
Hongkong
73%
Jamajka
73%
Japonia
73%
Kambodża
73%
Laos
73%
Malawi
73%
Malediwy
73%
Palestyna
73%
Republika Zielonego Przylądka
73%
Tajlandia
73%
Wielka Brytania
73%
Wyspa Man
73%
Bangladesz
71%
Ekwador
71%
Gwinea Równikowa
71%
Kostaryka
71%
Łotwa
71%
Luksemburg
71%
Mauretania
71%
Mjanma
71%
Mozambik
71%
Namibia
71%
Oman
71%
Saint Lucia
71%
Serbia
71%
Surinam
71%
Szwecja
71%
Uganda
71%
Fidżi
70%
Grenlandia
70%
Korea Północna
70%
Libia
70%
Madagaskar
70%
Portoryko
70%
Sudan
70%
Wybrzeże Kości Słoniowej
70%
Wyspy Salomona
70%
Albania
68%
Tajwan
68%
Jordania
67%
Majotta
67%
Algieria
65%
Andora
65%
Antigua i Barbuda
65%
Arabia Saudyjska
65%
Armenia
65%
Bahamy
65%
Belgia
65%
Belize
65%
Brazylia
65%
Czechy
65%
Dominika
65%
Dżibuti
65%
Eswatini
65%
Grecja
65%
Guam
65%
Gujana Francuska
65%
Hiszpania
65%
Kamerun
65%
Kenia
65%
Kuwejt
65%
Liban
65%
Liechtenstein
65%
Malta
65%
Mongolia
65%
Norwegia
65%
Palau
65%
Panama
65%
Polska
65%
Portugalia
65%
Rosja
65%
Rumunia
65%
Saint Vincent i Grenadyny
65%
San Marino
65%
Senegal
65%
Seszele
65%
Słowenia
65%
Sri Lanka
65%
Timor Wschodni
65%
Tonga
65%
Urugwaj
65%
Wenezuela
65%
Włochy
65%
Wyspy Owcze
65%
Anglia
63%
Australia
63%
Austria
63%
Barbados
63%
Bośnia i Hercegowina
63%
Brunei
63%
Chiny
63%
Cypr
63%
Czarnogóra
63%
Dominikana
63%
Egipt
63%
Erytrea
63%
Estonia
63%
Finlandia
63%
Gabon
63%
Gujana
63%
Gwatemala
63%
Haiti
63%
Irlandia
63%
Izrael
63%
Jemen
63%
Katar
63%
Kazachstan
63%
Kirgistan
63%
Korea Południowa
63%
Kuba
63%
Lesotho
63%
Macedonia Północna
63%
Makau
63%
Maroko
63%
Mauritius
63%
Mikronezja
63%
Mołdawia
63%
Monako
63%
Nepal
63%
Nikaragua
63%
Niue
63%
Nowa Zelandia
63%
Pakistan
63%
Papua Nowa Gwinea
63%
Paragwaj
63%
Peru
63%
Republika Południowej Afryki
63%
Samoa
63%
Sierra Leone
63%
Singapur
63%
Stany Zjednoczone
63%
Syria
63%
Szwajcaria
63%
Tadżykistan
63%
Tuvalu
63%
Ukraina
63%
Uzbekistan
63%
Vanuatu
63%
Wyspy Marshalla
63%
Zimbabwe
63%
Anguilla
62%
Bhutan
62%
Boliwia
62%
Bułgaria
62%
Burkina Faso
62%
Czad
62%
Dania
62%
Demokratyczna Republika Konga
62%
Ghana
62%
Gruzja
62%
Holandia Karaibska
62%
Iran
62%
Jersey
62%
Kiribati
62%
Kongo
62%
Liberia
62%
Litwa
62%
Nauru
62%
Niger
62%
Republika Środkowoafrykańska
62%
Trynidad i Tobago
62%
Węgry
62%
Wyspy Świętego Tomasza i Książęca
62%
Antarktyka
60%
Curaçao
60%
Etiopia
60%
Gambia
60%
Gwinea Bissau
60%
Irlandia Północna
60%
Gibraltar
59%
Polinezja Francuska
59%
Wyspa Norfolk
59%
Aruba
57%
Nowa Kaledonia
57%
Wake
57%
Wyspy Dziewicze Stanów Zjednoczonych
57%
Falklandy
56%
Sahara Zachodnia
56%
Wyspy Kokosowe
56%
Guernsey
54%
Johnston
54%
Samoa Amerykańskie
54%
To nie Norwegia Svalbard, Jan Mayen i Wyspa Bouveta
54%
Wyspy Alandzkie
54%
Saint Pierre i Miquelon
52%
Tokelau
52%
Brytyjskie Wyspy Dziewicze
51%
Saba
51%
Wyspa Bożego Narodzenia
51%
Bermudy
49%
Mariany Północne
48%
Reunion
48%
Brytyjskie Terytorium Oceanu Indyjskiego
46%
Francuskie Terytoria Południowe i Antarktyczne
46%
Gwadelupa
44%
Sint Maarten
44%
Turks i Caicos
44%
Wallis i Futuna
44%
Pitcairn
43%
Sint Eustatius
43%
Martynika
41%
Saint-Barthélemy
40%
Wyspa Świętej Heleny
40%
Kajmany
38%
Montserrat
38%
Georgia Południowa i Sandwich Południowy
35%
Wyspa Clippertona
35%
Brytyjskie Terytorium Antarktyczne
33%
Howland, Jarvis i Baker
33%
Midway
32%
Palmyra
32%
Akrotiri
30%
To nie USA Dalekie Wyspy Mniejsze Stanów Zjednoczonych
30%
Tristan da Cunha
30%
Wyspa Wniebowstąpienia
30%
To nie Francja Saint Martin
25%
Navassa
24%
Kingman
21%
To nie Australia Wyspy Heard i McDonalda, Wyspy Ashmore i Cartiera i Wyspy Morza Koralowego
21%
Dhekelia
17%
Nie znaleziono quizów pasujących do podanych kryteriów
Rozkład punktacji
Procent ludzi z każdym wynikiem
Percentyl według liczby udzielonych odpowiedzi
Twoja historia wyników
Nie rozwiązałeś tego quizu od ostatniego zresetowania